000 00765nam a2200253Ia 4500
003 OSt
005 20220918200925.0
006 a|||||r|||| 00| 0
007 ta
008 220917b |||||||| |||| 00| 0 eng d
024 _a90,843
037 _cTextual
040 _aARTS
_cARTS
_beng
041 _2eng
_aeng
082 _aU8:7333g, G9
110 _aWork projects administration (United State); Federal writers' project
_996049
245 0 _aKansas
_b A guide to the Sunflower State
260 _aNA
_bNA
_c1939
490 _aAmerican guide series; 1
650 _aGEOGRAPHY
700 _aWork projects administration (United State); Federal writers' project
_996050
942 _hU8:7333g, G9
_cTEXL
_2CC
999 _c214503
_d214503